Statistics for Naruto Quiz 2 // dk1184

Click here to take the quiz!

General Stats

  • This quiz has been taken 175 times
  • The average score is 12 of 15

Answer Stats

DescriptionAnswer% Correct
Shark Guy in AkatsukiKisame
98%
The "Sakura" of the Legendary SanninTsunade
93%
Naruto's GirlfriendHinata
91%
He assisted Obito in the Great Ninja WarMadara
90%
Kiba's DogAkamaru
89%
Jinchuriki of the One-TailsGaara
89%
Grandson of Hiruzen SarutobiKonohamaru
89%
Shikamaru's GirlfriendTemari
89%
Team 8 LeaderKurenai
86%
The Smartest Chunin in Part 1Shikamaru
86%
The "Girl" Under the Mask in the First SeasonHaku
76%
Kiba's Last NameInuzuka
73%
The Time that is Pasted between Part 1 and Shippuden3 Years
41%
The Group of People with Large SwordsThe 7 Swordsmen
41%
The Design on the Hokage's CapeFire
25%

Score Distribution

Percentile by Number Answered

Percent of People with Each Score

Your Score History

You have not taken this quiz